Statistics for Actors by Quote Quiz

Click here to take the quiz!

General Stats

  • This quiz has been taken 30 times
  • The average score is 10 of 14

Answer Stats

QuoteActor% Correct
Hasta la vista, baby.Arnold Schwarzenegger
96%
I'm gonna make him an offer he can't refuse.Marlon Brando
96%
I've a feeling we're not in Kansas anymore.Judy Garland
92%
I'm the king of the world!Leonardo DiCaprio
85%
You talkin' to me?Robert DeNiro
85%
Here's Johnny!Jack Nicholson
81%
Say hello to my little friend!Al Pacino
77%
Here's looking at you, kid.Humphrey Bogart
65%
No, I am your father.James Earl Jones
65%
You had me at "hello."Renée Zellweger
58%
My precious!Andy Serkis
54%
Take your stinking paws off me, you damned dirty ape.Charlton Heston
50%
You're gonna need a bigger boat.Roy Scheider
38%
All right, Mr. DeMille, I'm ready for my close-up.Gloria Swanson
31%

Score Distribution

Percentile by Number Answered

Percent of People with Each Score

Your Score History

You have not taken this quiz